000 00409 a2200133 4500
005 20250702082306.0
020 _a978-0-09-191851-4
082 _aBAI
100 _aBAILEY, R.
245 _aForgotten Voices: Of the Secret War: An Inside History of Special Operations During the Second World War,
260 _aNew York,
_bPenguin Random House,
_c2009.
300 _axi, 382p,: picture
_c19.8cm
942 _2ddc
_cBKS
999 _c6566
_d6566